Všeobecne o práve obchodných spoločností
Základné slobody vnútorného trhu. Prehľad legislatívy pre fungovanie obchodných spoločností vrámci Európskeho spoločenstva - Smernice č. 68/151/EHS, č. 77/91/EHS, č. 78/855/EHS a č. 78/660/EHS.
Enregistré dans:
| Auteur principal: | |
|---|---|
| Format: | Chapitre de livre |
| Langue: | slovaque |
| Sujets: | |
| Tags: |
Pas de tags, Soyez le premier à ajouter un tag!
|
MARC
| LEADER | 00000naa a2200000 4500 | ||
|---|---|---|---|
| 001 | r043101 | ||
| 005 | 20230929120145.5 | ||
| 041 | 0 | |a slo | |
| 044 | |a SK | ||
| 245 | 1 | 0 | |a Všeobecne o práve obchodných spoločností |c Martin Bahleda |
| 520 | |a Základné slobody vnútorného trhu. Prehľad legislatívy pre fungovanie obchodných spoločností vrámci Európskeho spoločenstva - Smernice č. 68/151/EHS, č. 77/91/EHS, č. 78/855/EHS a č. 78/660/EHS. | ||
| 610 | 2 | 0 | |a spoločnosti obchodné |
| 610 | 2 | 0 | |a trh vnútorný |
| 610 | 2 | 0 | |a legislatíva |
| 610 | 2 | 0 | |a smernice |
| 610 | 2 | 0 | |a Európske spoločenstvá |
| 610 | 2 | 0 | |a Európska únia |
| 100 | 1 | |a Bahleda, Martin | |